[Event "CYCC U08"]
[Site "Windsor CAN"]
[Date "2016.07.05"]
[Round "1.118"]
[White "Puri, Aryan"]
[Black "Xu, Daniel"]
[Result "0-1"]
[WhiteElo "724"]
[BlackElo "1525"]
[PlyCount "22"]
[EventDate "2016.07.05"]
[EventType "swiss"]
[EventRounds "7"]
[EventCountry "CAN"]

1. e4 e5 2. Nf3 Nc6 3. Nc3 Bc5 4. Bc4 Nf6 5. O-O d6 6. d3 Bg4 7. Bg5 Nd4 8. Qc1
Nxf3+ 9. gxf3 Bxf3 10. Nd5 Qd7 11. Bxf6 Qg4# 0-1

[Event "CYCC U08"]
[Site "Windsor CAN"]
[Date "2016.07.05"]
[Round "1.119"]
[White "Chang, Alexander RZ"]
[Black "Locham, Divjot"]
[Result "1-0"]
[WhiteElo "1396"]
[BlackElo "698"]
[PlyCount "51"]
[EventDate "2016.07.05"]
[EventType "swiss"]
[EventRounds "7"]
[EventCountry "CAN"]

1. e4 e5 2. Nf3 Nc6 3. Bc4 Bc5 4. c3 Nf6 5. d4 exd4 6. e5 Ne4 7. Qe2 d5 8. exd6
Bf5 9. Ng5 O-O 10. Nxe4 Bxe4 11. O-O Re8 12. Qh5 Re5 13. Qxf7+ Kh8 14. dxc7 Qc8
15. Qf4 Qxc7 16. Nd2 Bg6 17. Nf3 Rf8 18. Qg3 Re7 19. Qxc7 Rxc7 20. Ng5 dxc3 21.
Ne6 cxb2 22. Bxb2 Rcf7 23. Nxf8 Rxf8 24. Rad1 Bc2 25. Rd7 Ba4 26. Bxg7# 1-0

[Event "CYCC U08"]
[Site "Windsor CAN"]
[Date "2016.07.05"]
[Round "1.120"]
[White "Ripley, Sam"]
[Black "Vo, Phu"]
[Result "1/2-1/2"]
[WhiteElo "697"]
[BlackElo "1357"]
[PlyCount "119"]
[EventDate "2016.07.05"]
[EventType "swiss"]
[EventRounds "7"]
[EventCountry "CAN"]

1. e4 c5 2. Nf3 d6 3. d4 cxd4 4. Nxd4 Nf6 5. Nc3 a6 6. Bg5 e5 7. Nf3 Bg4 8. Nd5
Be7 9. Bxf6 Bxf6 10. h3 Bh5 11. g4 Bg6 12. g5 Be7 13. Bd3 Nc6 14. h4 Bh5 15.
Be2 Qa5+ 16. c3 Qc5 17. b4 Qa7 18. Nc7+ Kd8 19. Nxa8 Qxa8 20. b5 Bxf3 21. Bxf3
axb5 22. Bh5 g6 23. Be2 Qa3 24. Qb3 Qa5 25. Bd3 b4 26. cxb4 Nxb4 27. O-O Nxd3
28. Qxd3 Qb4 29. Rac1 Qb2 30. Qc4 Ke8 31. Qc8+ Bd8 32. Rc7 Qxa2 33. Qd7+ Kf8
34. Qxf7+ Qxf7 35. Rxf7+ Kxf7 36. Rb1 Be7 37. Rxb7 Ra8 38. Kg2 Ra3 39. Rb8 Ke6
40. Rh8 h5 41. gxh6 Bxh4 42. h7 Bf6 43. Rg8 g5 44. Rf8 Bg7 45. Rg8 Kf7 46. h8=Q
Bxh8 47. Rxh8 Kf6 48. Rh6+ Kf7 49. Rh7+ Ke6 50. Rh6+ Kd7 51. Rg6 Kc6 52. Rxg5
Kc5 53. Rg3 Rxg3+ 54. fxg3 d5 55. exd5 Kxd5 56. g4 e4 57. g5 Ke5 58. Kf2 Kf5
59. Ke3 Kxg5 60. Kxe4 1/2-1/2

[Event "CYCC U08"]
[Site "Windsor CAN"]
[Date "2016.07.05"]
[Round "1.121"]
[White "Chandra, Anand Rishi"]
[Black "Mane, Arnav"]
[Result "1-0"]
[WhiteElo "1322"]
[BlackElo "675"]
[PlyCount "47"]
[EventDate "2016.07.05"]
[EventType "swiss"]
[EventRounds "7"]
[EventCountry "CAN"]

1. e4 e5 2. Nf3 Nc6 3. Bc4 Nf6 4. Ng5 Bc5 5. Nxf7 Qe7 6. Nxh8 d6 7. Nc3 Bg4 8.
Be2 Bxe2 9. Qxe2 Nd4 10. Qd1 Qf8 11. Ne2 Nxe4 12. Nxd4 exd4 13. O-O Qxh8 14.
Qe2 d5 15. d3 O-O-O 16. dxe4 d3 17. cxd3 Re8 18. Qg4+ Kb8 19. exd5 Bxf2+ 20.
Rxf2 Re1+ 21. Rf1 Qd8 22. Rxe1 Qxd5 23. Re8+ Qd8 24. Rxd8# 1-0

[Event "CYCC U08"]
[Site "Windsor CAN"]
[Date "2016.07.05"]
[Round "1.124"]
[White "Zheng, Leon"]
[Black "Wang, Daniel"]
[Result "0-1"]
[WhiteElo "604"]
[BlackElo "1144"]
[PlyCount "82"]
[EventDate "2016.07.05"]
[EventType "swiss"]
[EventRounds "7"]
[EventCountry "CAN"]

1. e4 c5 2. Nf3 g6 3. d4 cxd4 4. Nxd4 Nc6 5. Be3 Nf6 6. Nxc6 bxc6 7. Bd3 Bg7 8.
Nc3 O-O 9. O-O Bb7 10. Qd2 d6 11. Bh6 c5 12. Bxg7 Kxg7 13. Rae1 Rc8 14. Bc4 Qc7
15. Bd5 Nxd5 16. exd5 Ba6 17. Qg5 Bxf1 18. Rxe7 Qd8 19. Ne4 Rc7 20. Qf6+ Kg8
21. Rxc7 Qxc7 22. Qh4 Qd8 23. Ng5 h5 24. Qe4 Qxg5 25. f4 Qxg2+ 26. Qxg2 Bxg2
27. Kxg2 Kg7 28. h4 a5 29. a4 Kf6 30. c4 Rb8 31. Kg3 Rxb2 32. Kh3 Rb4 33. f5
Rxa4 34. Kg3 Rxc4 35. Kf3 a4 36. Kg3 a3 37. Kf3 a2 38. Kg3 a1=Q 39. Kh3 Rc3+
40. Kg2 Qb2+ 41. Kg1 Rc1# 0-1

[Event "CYCC U08"]
[Site "Windsor CAN"]
[Date "2016.07.05"]
[Round "1.125"]
[White "Yuen, Noah"]
[Black "Taylor, Aiden"]
[Result "1-0"]
[WhiteElo "1072"]
[BlackElo "582"]
[PlyCount "73"]
[EventDate "2016.07.05"]
[EventType "swiss"]
[EventRounds "7"]
[EventCountry "CAN"]

1. c4 e5 2. d3 Nc6 3. Nf3 Bb4+ 4. Nc3 Nge7 5. a3 Bxc3+ 6. bxc3 O-O 7. d4 exd4
8. cxd4 d6 9. e4 Bg4 10. Be2 Bxf3 11. Bxf3 Qd7 12. O-O Rad8 13. Rb1 b6 14. Bf4
Ng6 15. Bg3 Rde8 16. Re1 Nce7 17. Qc2 Qe6 18. Qd3 Nc6 19. d5 Qd7 20. dxc6 Qxc6
21. e5 dxe5 22. Bxc6 Re6 23. Bd5 Rd6 24. Qc3 c6 25. Bf3 Rfd8 26. Bxe5 Nxe5 27.
Qxe5 h6 28. h3 b5 29. cxb5 Rd5 30. Bxd5 cxd5 31. Qc7 Rf8 32. Qxa7 d4 33. Qxd4
Kh7 34. Re4 f5 35. Re7 Rf6 36. Qxf6 Kg8 37. Qxg7# 1-0

[Event "CYCC U08"]
[Site "Windsor CAN"]
[Date "2016.07.05"]
[Round "1.127"]
[White "Zhang, Angus"]
[Black "Hodgson, Trent"]
[Result "1-0"]
[WhiteElo "1031"]
[BlackElo "544"]
[PlyCount "61"]
[EventDate "2016.07.05"]
[EventType "swiss"]
[EventRounds "7"]
[EventCountry "CAN"]

1. e4 e5 2. Nf3 Nc6 3. Bc4 Nh6 4. O-O Bc5 5. Nxe5 Nxe5 6. d4 Neg4 7. dxc5 Qh4
8. h3 Ne5 9. b3 O-O 10. Bxh6 Qxh6 11. f4 Nxc4 12. bxc4 Qc6 13. Nd2 Qxc5+ 14.
Rf2 Qd4 15. Qc1 d6 16. c3 Qb6 17. Rb1 Qc6 18. Qc2 Bd7 19. Re1 Rae8 20. f5 Bc8
21. f6 gxf6 22. Rxf6 Qc5+ 23. Rf2 f5 24. Nb3 Qxc4 25. Rfe2 fxe4 26. Rxe4 Rxe4
27. Qxe4 Qxc3 28. Qd5+ Rf7 29. Qg5+ Kh8 30. Re8+ Rf8 31. Rxf8# 1-0

[Event "CYCC U08"]
[Site "Windsor CAN"]
[Date "2016.07.06"]
[Round "2.128"]
[White "Locham, Divjot"]
[Black "Baweja, Aayan"]
[Result "1-0"]
[WhiteElo "698"]
[BlackElo "473"]
[PlyCount "139"]
[EventDate "2016.07.05"]
[EventType "swiss"]
[EventRounds "7"]
[EventCountry "CAN"]

1. e4 e5 2. Nf3 Nc6 3. Bc4 Nf6 4. Ng5 d5 5. exd5 Nxd5 6. O-O Be6 7. Qf3 Qxg5 8.
d4 Qf5 9. Qxf5 Bxf5 10. Bxd5 Nxd4 11. Na3 O-O-O 12. Bxf7 Bxa3 13. bxa3 Nxc2 14.
Rb1 Ne3 15. Bxe3 Bxb1 16. Rxb1 Rhf8 17. Be6+ Kb8 18. a4 Rfe8 19. Bh3 Rd6 20.
Bc5 Rd5 21. Be3 Red8 22. Bg4 g6 23. Bf3 Rd3 24. Rxb7+ Kc8 25. Rb1 c6 26. Bg4+
Kc7 27. Bxa7 R8d5 28. Bf3 Rd8 29. Bg4 R8d5 30. Bf3 Rd7 31. Bb6+ Kc8 32. Bg4 g5
33. Bxd7+ Kxd7 34. a5 Kc8 35. a6 Kb8 36. Be3+ Ka8 37. g4 e4 38. Bxg5 Ra3 39.
Be3 Rxa6 40. Rd1 Rxa2 41. Rd8+ Kb7 42. Rd7+ Kc8 43. Ra7 Rxa7 44. Bxa7 Kb7 45.
Be3 Kc7 46. Kg2 Kd6 47. Kg3 Kd5 48. g5 c5 49. Kh4 c4 50. Kh5 c3 51. Kh6 Kc4 52.
Kxh7 Kd3 53. Bf4 c2 54. g6 Kc3 55. g7 Kb2 56. g8=Q c1=Q 57. Bxc1+ Kxc1 58. Qc4+
Kd2 59. Qxe4 Kc1 60. f4 Kd2 61. f5 Kc1 62. f6 Kd2 63. Qf4+ Kd3 64. Qf2 Ke4 65.
f7 Ke5 66. f8=Q Ke6 67. Qe2+ Kd7 68. Qf6 Kc8 69. Qf7 Kd8 70. Qee8# 1-0

[Event "CYCC U08"]
[Site "Windsor CAN"]
[Date "2016.07.06"]
[Round "2.114"]
[White "Ning, Eric"]
[Black "Yuen, Noah"]
[Result "1/2-1/2"]
[WhiteElo "1634"]
[BlackElo "1072"]
[PlyCount "142"]
[EventDate "2016.07.05"]
[EventType "swiss"]
[EventRounds "7"]
[EventCountry "CAN"]

1. d4 Nf6 2. c4 e6 3. Nf3 b6 4. a3 Bb7 5. e3 Be7 6. Nc3 O-O 7. Bd3 c5 8. d5
exd5 9. cxd5 d6 10. e4 Nbd7 11. O-O a6 12. a4 Qc7 13. h3 Rfe8 14. Bf4 Bf8 15.
Nd2 Ne5 16. Bxe5 dxe5 17. Nc4 Bc8 18. Bc2 Bd6 19. Qd3 Bd7 20. Rae1 Nh5 21. Nxd6
Qxd6 22. Ne2 Nf6 23. f4 exf4 24. Nxf4 Re5 25. Qf3 Rae8 26. Re2 b5 27. Rfe1 c4
28. axb5 axb5 29. b3 h6 30. bxc4 bxc4 31. Re3 Qc5 32. Kh1 Bf5 33. R3e2 Bh7 34.
Qe3 Qxe3 35. Rxe3 Nxe4 36. Kg1 g5 37. Nh5 Kh8 38. d6 f5 39. Nf6 Rd8 40. Rd1 Re6
41. Nxe4 fxe4 42. d7 Re7 43. Rd4 Rexd7 44. Rxc4 Rd4 45. Rc7 Bg6 46. Re7 Bh7 47.
Bxe4 Bxe4 48. R3xe4 Rxe4 49. Rxe4 Kg7 50. Re6 Rf8 51. Kh2 Rf6 52. Re5 Kg6 53.
Rd5 Rf5 54. Rd6+ Rf6 55. Rxf6+ Kxf6 56. Kg3 Kf5 57. Kf3 Kg6 58. g4 h5 59. Ke4
hxg4 60. hxg4 Kf6 61. Kd5 Kf7 62. Ke5 Kg7 63. Kf5 Kf7 64. Kxg5 Kg7 65. Kf5 Kf7
66. g5 Kg7 67. g6 Kg8 68. Kf6 Kf8 69. Kg5 Kg7 70. Kh5 Kg8 71. Kh6 Kh8 1/2-1/2

[Event "CYCC U08"]
[Site "Windsor CAN"]
[Date "2016.07.06"]
[Round "2.115"]
[White "Zhang, Angus"]
[Black "Zhong, Kevin"]
[Result "0-1"]
[WhiteElo "1031"]
[BlackElo "1335"]
[PlyCount "74"]
[EventDate "2016.07.05"]
[EventType "swiss"]
[EventRounds "7"]
[EventCountry "CAN"]

1. e4 c5 2. Nf3 Nc6 3. Bc4 e6 4. Nc3 a6 5. d3 Qc7 6. O-O Nf6 7. Be3 Be7 8. d4
b5 9. Bb3 c4 10. e5 Nd5 11. Nxd5 exd5 12. Re1 cxb3 13. axb3 O-O 14. Qd2 d6 15.
exd6 Bxd6 16. Qd3 Nb4 17. Qd2 Bf5 18. Rac1 Rac8 19. Re2 Qb8 20. c3 Nd3 21. Ra1
Qb6 22. h3 Be7 23. Bg5 Bxg5 24. Nxg5 h6 25. Nf3 Rfe8 26. Rxe8+ Rxe8 27. Nh4 Bh7
28. f4 Qf6 29. Rf1 Qxh4 30. f5 Qg3 31. Rf3 Re1+ 32. Rf1 Rxf1+ 33. Kxf1 Bxf5 34.
Qe2 Be4 35. c4 Nf4 36. Qd2 Bxg2+ 37. Kg1 Nxh3# 0-1

[Event "CYCC U08"]
[Site "Windsor CAN"]
[Date "2016.07.06"]
[Round "2.116"]
[White "Xu, Daniel"]
[Black "Li, Eric M"]
[Result "1-0"]
[WhiteElo "1519"]
[BlackElo "947"]
[PlyCount "85"]
[EventDate "2016.07.05"]
[EventType "swiss"]
[EventRounds "7"]
[EventCountry "CAN"]

1. e4 e5 2. Nf3 Nc6 3. Bc4 Bc5 4. d3 Nf6 5. Nc3 O-O 6. Bg5 h6 7. Bh4 Be7 8. O-O
d6 9. h3 Be6 10. Bxe6 fxe6 11. Bg3 Qe8 12. Nb5 Bd8 13. c3 a6 14. Na3 Nh5 15.
Kh2 Nf4 16. Qd2 d5 17. exd5 exd5 18. Rae1 Rf5 19. Bxf4 Rxf4 20. Qxf4 exf4 21.
Rxe8+ Kh7 22. Rfe1 g5 23. Ne5 Nxe5 24. R1xe5 Bf6 25. Rxa8 Bxe5 26. d4 Bd6 27.
f3 c5 28. dxc5 Bxc5 29. Rc8 Bf2 30. Rc7+ Kg6 31. Rxb7 Kh5 32. Rd7 Kh4 33. Rxd5
h5 34. c4 Bg1+ 35. Kxg1 Kg3 36. Rxg5+ Kh4 37. c5 a5 38. c6 a4 39. Rxh5+ Kg3 40.
Rh4 Kxh4 41. c7 Kg3 42. c8=Q Kh4 43. Qg4# 1-0

[Event "CYCC U08"]
[Site "Windsor CAN"]
[Date "2016.07.06"]
[Round "2.117"]
[White "Yuan, Daniel"]
[Black "Chang, Alexander RZ"]
[Result "0-1"]
[WhiteElo "855"]
[BlackElo "886"]
[PlyCount "80"]
[EventDate "2016.07.05"]
[EventType "swiss"]
[EventRounds "7"]
[EventCountry "CAN"]

1. e4 e5 2. Nf3 Nc6 3. d4 exd4 4. Bc4 d6 5. c3 dxc3 6. Nxc3 Nf6 7. O-O Be7 8.
Bf4 O-O 9. Qd2 b6 10. Bb5 Bb7 11. Nd5 Nxd5 12. Qxd5 Na5 13. Qd4 a6 14. Ba4 b5
15. Bc2 Bf6 16. Qd3 g6 17. Bh6 Re8 18. Qa3 Nc4 19. Qb3 Bxb2 20. Rab1 Bf6 21. a4
c6 22. Bd3 Ne5 23. Nxe5 Bxe5 24. Rbd1 Qh4 25. g3 Qxh6 26. Rfe1 Qg7 27. Re3 Bd4
28. Rf3 Ba7 29. Bb1 Rad8 30. Ba2 Re7 31. Rf4 bxa4 32. Qxa4 Qe5 33. Qb3 Qe6 34.
Qxb7 Rxb7 35. Bxe6 fxe6 36. e5 d5 37. Rf6 Re8 38. Rc1 c5 39. Rc3 c4 40. Rcf3 d4
0-1

[Event "CYCC U08"]
[Site "Windsor CAN"]
[Date "2016.07.06"]
[Round "2.118"]
[White "Puri, Arjun"]
[Black "Chandra, Anand Rishi"]
[Result "0-1"]
[WhiteElo "565"]
[BlackElo "1310"]
[PlyCount "64"]
[EventDate "2016.07.05"]
[EventType "swiss"]
[EventRounds "7"]
[EventCountry "CAN"]

1. e4 e5 2. Nf3 Nc6 3. Nc3 Nf6 4. Bc4 Bc5 5. O-O O-O 6. d3 h6 7. Na4 Bb6 8.
Nxb6 axb6 9. Bb5 d6 10. a4 Bg4 11. h3 Bxf3 12. Qxf3 Nd4 13. Qe3 Nxc2 14. Qg3
Nd4 15. Be3 Ne2+ 16. Kh1 Nxg3+ 17. fxg3 Nh5 18. Bf2 Qg5 19. g4 Nf4 20. g3 Nxh3
21. Be1 Qxg4 22. Rc1 c6 23. Bc4 Kh8 24. Rc2 Ng5 25. Rcf2 Qxg3 26. Rxf7 Qh3+ 27.
Kg1 Nxf7 28. Bxf7 g5 29. Rf6 Kg7 30. Rg6+ Kxf7 31. Rxd6 Kg8 32. Bc3 Rf1# 0-1

[Event "CYCC U08"]
[Site "Windsor CAN"]
[Date "2016.07.06"]
[Round "2.120"]
[White "Li, Adam"]
[Black "Qin, Vincent"]
[Result "1-0"]
[WhiteElo "414"]
[BlackElo "1168"]
[PlyCount "83"]
[EventDate "2016.07.05"]
[EventType "swiss"]
[EventRounds "7"]
[EventCountry "CAN"]

1. e4 e5 2. Nf3 Nc6 3. Bc4 h6 4. c3 Nf6 5. O-O Bc5 6. d4 exd4 7. cxd4 Bb6 8.
Nc3 Ba5 9. Re1 O-O 10. e5 Bxc3 11. bxc3 Ne8 12. Qa4 d5 13. Bd3 Bd7 14. Ba3 Nxe5
15. Qc2 Nxd3 16. Qxd3 Nd6 17. Ne5 Bf5 18. Qg3 Ne4 19. Qf3 Nd6 20. Qh5 Re8 21.
Bxd6 cxd6 22. Qxf7+ Kh8 23. Qxf5 dxe5 24. Rxe5 Qc7 25. Qh5 Rxe5 26. dxe5 Qxc3
27. Rd1 Qb4 28. h3 d4 29. e6 Qd6 30. Qf7 Rf8 31. Qd7 Rd8 32. Qf7 Rf8 33. Rxd4
Qb8 34. e7 Rc8 35. Rc4 Re8 36. Rc7 Rg8 37. Rc5 b6 38. Rc6 Qa8 39. Re6 Qe8 40.
Qf4 Qd7 41. Rxh6+ gxh6 42. Qxh6# 1-0

[Event "CYCC U08"]
[Site "Windsor CAN"]
[Date "2016.07.06"]
[Round "2.121"]
[White "Vo, Phu"]
[Black "Deng, Henry"]
[Result "1-0"]
[WhiteElo "1357"]
[BlackElo "1050"]
[PlyCount "79"]
[EventDate "2016.07.05"]
[EventType "swiss"]
[EventRounds "7"]
[EventCountry "CAN"]

1. f4 e6 2. Nf3 Bc5 3. e3 Nf6 4. h3 b6 5. Nc3 Nc6 6. Bb5 a6 7. Bxc6 dxc6 8. d4
Bxd4 9. Qxd4 Bd7 10. Ne5 Bc8 11. Qxd8+ Kxd8 12. Nxf7+ Ke8 13. Nxh8 c5 14. e4 a5
15. Nb5 Ba6 16. Nxc7+ Kd7 17. Nxa8 Bb7 18. Nxb6+ Kc6 19. Nc4 Nxe4 20. Nxa5+ Kb6
21. Nxb7 Kxb7 22. Nf7 Ng3 23. Rg1 Nh5 24. a4 Nxf4 25. Ng5 e5 26. Bxf4 exf4 27.
a5 Ka6 28. g3 fxg3 29. Rxg3 h6 30. Ne6 c4 31. Nxg7 h5 32. Nxh5 c3 33. bxc3 Ka7
34. c4 Kb8 35. a6 Ka8 36. c5 Kb8 37. a7+ Ka8 38. Rg8+ Kb7 39. a8=Q+ Kc7 40.
Rg7# 1-0

[Event "CYCC U08"]
[Site "Windsor CAN"]
[Date "2016.07.06"]
[Round "2.123"]
[White "Liu, Henry"]
[Black "Ho, Emmett"]
[Result "1-0"]
[WhiteElo "740"]
[BlackElo "664"]
[PlyCount "101"]
[EventDate "2016.07.05"]
[EventType "swiss"]
[EventRounds "7"]
[EventCountry "CAN"]

1. d4 Nc6 2. d5 Ne5 3. Bf4 d6 4. Qd4 Bg4 5. Bxe5 dxe5 6. Qxe5 e6 7. dxe6 fxe6
8. Qe3 Bb4+ 9. c3 Ba5 10. b4 Bb6 11. c4 Nf6 12. c5 O-O 13. cxb6 axb6 14. f3 Bf5
15. g4 Bxb1 16. Rxb1 Rxa2 17. b5 Ra8 18. g5 Nh5 19. Bh3 Re8 20. Bxe6+ Kf8 21.
Rd1 Qe7 22. Rd7 Qa3 23. Qxa3+ Rxa3 24. Bf7 Ra1+ 25. Kf2 Rea8 26. Rxc7 Nf4 27.
Rxb7 R1a2 28. Bxa2 Rxa2 29. Rxb6 Nd3+ 30. Kf1 Nf4 31. Rb8+ Kf7 32. b6 Ra1+ 33.
Kf2 Nd3+ 34. Ke3 Ra3 35. exd3 h5 36. b7 Kg6 37. Ra8 Rb3 38. b8=Q Rxb8 39. Rxb8
Kh7 40. Nh3 Kg6 41. Ra1 Kh7 42. Raa8 Kg6 43. Rd8 Kh7 44. Rh8+ Kg6 45. Ra6+ Kf5
46. Rxh5 g6 47. Ra5+ Ke6 48. Rh6 Ke7 49. Rxg6 Kd8 50. Ra7 Kc8 51. Rg8# 1-0

[Event "CYCC U08"]
[Site "Windsor CAN"]
[Date "2016.07.06"]
[Round "2.124"]
[White "Chen, Andrew"]
[Black "Boucher, Samuel"]
[Result "1-0"]
[WhiteElo "799"]
[BlackElo "647"]
[PlyCount "39"]
[EventDate "2016.07.05"]
[EventType "swiss"]
[EventRounds "7"]
[EventCountry "CAN"]

1. e4 e5 2. Nf3 Nc6 3. Bb5 a6 4. Bxc6 bxc6 5. Nxe5 d6 6. Nxc6 Bb7 7. Nd4 Bc6 8.
Nxc6 Kd7 9. Nxd8 Kxd8 10. O-O Nf6 11. Nc3 Nh5 12. Qxh5 g6 13. Qg5+ Kc8 14. Nd5
c6 15. Nb6+ Kb7 16. Nxa8 Kxa8 17. d3 a5 18. Be3 Be7 19. Qxe7 Rb8 20. Qa7# 1-0

[Event "CYCC U08"]
[Site "Windsor CAN"]
[Date "2016.07.06"]
[Round "2.125"]
[White "Taylor, Aiden"]
[Black "Duong, Eric"]
[Result "0-1"]
[WhiteElo "582"]
[BlackElo "754"]
[PlyCount "86"]
[EventDate "2016.07.05"]
[EventType "swiss"]
[EventRounds "7"]
[EventCountry "CAN"]

1. e4 c5 2. Nf3 Nc6 3. Bc4 e6 4. O-O d5 5. exd5 exd5 6. Bb3 Bf5 7. c4 d4 8.
Qe2+ Qe7 9. Qxe7+ Bxe7 10. Ba4 Bd7 11. d3 Nf6 12. Nbd2 O-O 13. Ne4 Nxe4 14.
dxe4 Bg4 15. Ng5 h6 16. h3 Be2 17. Re1 Bxc4 18. Nf3 b5 19. Bc2 Nb4 20. Re2 Bxe2
21. Ne5 Nxc2 22. Rb1 Rac8 23. Nd7 Rfd8 24. Ne5 c4 25. Bd2 b4 26. Rc1 b3 27.
axb3 cxb3 28. Ba5 Rd6 29. Rb1 d3 30. Bd2 Rc5 31. Ng4 Bxg4 32. hxg4 Rd8 33. Rc1
Nd4 34. Rf1 Rc2 35. Be3 Nb5 36. Bxa7 Nxa7 37. Rd1 d2 38. e5 Rc1 39. Rxc1
dxc1=Q+ 40. Kh2 Qf4+ 41. g3 Qxf2+ 42. Kh3 Qf1+ 43. Kh2 Rd2# 0-1

[Event "CYCC U08"]
[Site "Windsor CAN"]
[Date "2016.07.06"]
[Round "2.127"]
[White "Hodgson, Trent"]
[Black "Puri, Aryan"]
[Result "0-1"]
[WhiteElo "544"]
[BlackElo "724"]
[PlyCount "42"]
[EventDate "2016.07.05"]
[EventType "swiss"]
[EventRounds "7"]
[EventCountry "CAN"]

1. d4 d5 2. Nc3 Nf6 3. Nf3 Nc6 4. e3 e6 5. Be2 Bb4 6. O-O O-O 7. Bd3 b6 8. Ng5
g6 9. Qf3 Bd7 10. a3 Bd6 11. e4 Nxd4 12. Qe3 Be5 13. Nf3 Ng4 14. Qd2 Nxf3+ 15.
gxf3 Bxh2+ 16. Kh1 Qh4 17. fxg4 Bf4+ 18. Kg2 Bxd2 19. Bxd2 Qxg4+ 20. Kh1 e5 21.
Rg1 Qh3# 0-1

[Event "CYCC U08"]
[Site "Windsor CAN"]
[Date "2016.07.06"]
[Round "3.128"]
[White "Baweja, Aayan"]
[Black "Mane, Arnav"]
[Result "0-1"]
[WhiteElo "473"]
[BlackElo "675"]
[PlyCount "114"]
[EventDate "2016.07.05"]
[EventType "swiss"]
[EventRounds "7"]
[EventCountry "CAN"]

1. c4 e5 2. Nc3 c6 3. d3 d5 4. c5 Bxc5 5. g3 Nf6 6. Bg2 d4 7. Na4 Bb4+ 8. Bd2
Bxd2+ 9. Qxd2 Bf5 10. Nf3 e4 11. dxe4 Nxe4 12. Qxd4 Qxd4 13. Nxd4 Bg6 14. O-O
Nd2 15. Rfd1 Nc4 16. Rac1 Ne5 17. e3 O-O 18. f4 Ng4 19. f5 Bh5 20. h3 Nxe3 21.
Re1 Nxg2 22. Kxg2 Nd7 23. g4 Ne5 24. Rxe5 f6 25. Re4 Bf7 26. Ne6 Rae8 27. Nxf8
Rxe4 28. Nd7 Rxa4 29. a3 Rd4 30. Nc5 Rd2+ 31. Kf3 Bd5+ 32. Ke3 Rxb2 33. Re1 Ra2
34. Kd4 Rxa3 35. Nxb7 Rxh3 36. Nd6 h6 37. Re8+ Kh7 38. Kc5 Rh4 39. Re7 Rxg4 40.
Ne8 Rc4+ 41. Kd6 h5 42. Rxg7+ Kh6 43. Rf7 Bxf7 44. Nxf6 h4 45. Nd7 h3 46. Ne5
h2 47. Nxc4 h1=Q 48. Ne5 Qd5+ 49. Ke7 Qxe5+ 50. Kxf7 Qxf5+ 51. Ke7 Kg7 52. Kd6
Kf8 53. Kxc6 Ke7 54. Kb7 Kd7 55. Kxa7 Qb5 56. Ka8 Kc7 57. Ka7 Qb7# 0-1

[Event "CYCC U08"]
[Site "Windsor CAN"]
[Date "2016.07.06"]
[Round "3.129"]
[White "Ho, Emmett"]
[Black "Hodgson, Trent"]
[Result "1-0"]
[WhiteElo "664"]
[BlackElo "544"]
[PlyCount "65"]
[EventDate "2016.07.05"]
[EventType "swiss"]
[EventRounds "7"]
[EventCountry "CAN"]

1. e4 e5 2. Nf3 Nc6 3. g3 f5 4. exf5 d5 5. Bg2 Bxf5 6. O-O Nb4 7. Nxe5 Nxc2 8.
Re1 Nxe1 9. Qxe1 Be7 10. Bxd5 Qxd5 11. Nc3 Qd8 12. d4 Qxd4 13. g4 Bxg4 14. Nxg4
Qxg4+ 15. Kf1 Qh3+ 16. Kg1 Nf6 17. Nb5 O-O 18. Kh1 Nh5 19. Qg1 Nf4 20. Bxf4
Rxf4 21. Re1 Rg4 22. Rxe7 Rxg1+ 23. Kxg1 c6 24. Nc7 Rc8 25. Ne8 Qg4+ 26. Kh1
Kh8 27. h3 Qxh3+ 28. Kg1 Rd8 29. f4 Rd1+ 30. Kf2 Rd2+ 31. Ke1 Qh2 32. Nc7 Rxb2
33. Re8# 1-0

[Event "CYCC U08"]
[Site "Windsor CAN"]
[Date "2016.07.06"]
[Round "3.114"]
[White "Zhong, Kevin"]
[Black "Li, Adam"]
[Result "1-0"]
[WhiteElo "1335"]
[BlackElo "414"]
[PlyCount "73"]
[EventDate "2016.07.05"]
[EventType "swiss"]
[EventRounds "7"]
[EventCountry "CAN"]

1. e4 e5 2. Nf3 Nc6 3. Bc4 Nf6 4. d3 Bc5 5. c3 d6 6. Bb3 Bg4 7. Nbd2 O-O 8. h3
Bh5 9. O-O h6 10. Re1 Bg6 11. Nf1 Nh5 12. d4 exd4 13. cxd4 Bb4 14. Bd2 Bxd2 15.
Qxd2 Kh8 16. g4 Nf6 17. Ng3 Re8 18. Bc2 a5 19. Nh4 Bh7 20. Nhf5 Nb4 21. Bb3 Qd7
22. a3 Nc6 23. Qf4 Nxd4 24. Nxd4 b5 25. Ndf5 a4 26. Bc2 Re5 27. Nxh6 Rae8 28.
Kh2 d5 29. g5 Nxe4 30. Nxf7+ Qxf7 31. Qxf7 Nxg5 32. Qxe8+ Rxe8 33. Rxe8+ Bg8
34. Bg6 c5 35. Nf5 d4 36. Ne7 Nf3+ 37. Kg3 1-0

[Event "CYCC U08"]
[Site "Windsor CAN"]
[Date "2016.07.06"]
[Round "3.115"]
[White "Chandra, Anand Rishi"]
[Black "Xu, Daniel"]
[Result "1/2-1/2"]
[WhiteElo "1310"]
[BlackElo "1519"]
[PlyCount "54"]
[EventDate "2016.07.05"]
[EventType "swiss"]
[EventRounds "7"]
[EventCountry "CAN"]

1. e4 e5 2. Nf3 Nc6 3. Bc4 Bc5 4. c3 Nf6 5. d3 h6 6. Be3 Bxe3 7. fxe3 d6 8. h3
O-O 9. O-O Na5 10. Nbd2 Nxc4 11. Nxc4 Be6 12. Ncd2 Re8 13. Qe2 c6 14. Rfe1 Qc7
15. Qf2 Nh7 16. Qg3 f6 17. d4 Rad8 18. Rac1 a6 19. a3 Qf7 20. Rf1 Qe7 21. Nh4
exd4 22. exd4 d5 23. Rce1 Qd6 24. Qxd6 Rxd6 25. Nhf3 Rdd8 26. e5 f5 27. Nb3 b6
1/2-1/2

[Event "CYCC U08"]
[Site "Windsor CAN"]
[Date "2016.07.06"]
[Round "3.116"]
[White "Guo, Yu Chen"]
[Black "Vo, Phu"]
[Result "0-1"]
[WhiteElo "495"]
[BlackElo "1357"]
[PlyCount "112"]
[EventDate "2016.07.05"]
[EventType "swiss"]
[EventRounds "7"]
[EventCountry "CAN"]

1. e4 c5 2. Nf3 d6 3. d4 cxd4 4. Nxd4 Nf6 5. Nc3 a6 6. f3 e5 7. Nb3 Be6 8. Be3
Nbd7 9. Qd2 Be7 10. O-O-O Rc8 11. Be2 O-O 12. h4 Nh5 13. g4 Ng3 14. Rhg1 Nxe2+
15. Qxe2 Bxh4 16. g5 g6 17. Rh1 Bxg5 18. Qh2 Bxe3+ 19. Kb1 h6 20. Ne2 Qg5 21.
Rdf1 Bf4 22. Nxf4 Qxf4 23. Qxh6 Qxh6 24. Rxh6 Bxb3 25. axb3 Kg7 26. Rfh1 Rh8
27. Rxh8 Rxh8 28. Rxh8 Kxh8 29. Ka2 Kh7 30. Ka3 b5 31. Kb4 Nb8 32. Ka5 f5 33.
exf5 gxf5 34. Kb6 e4 35. fxe4 fxe4 36. Kc7 e3 37. Kxd6 e2 38. c4 e1=Q 39. c5
Qb4 40. Kd5 Qxb3+ 41. Kd6 Qxb2 42. Kc7 Qc3 43. Kxb8 Qxc5 44. Kb7 a5 45. Ka6 Qd5
46. Kxa5 b4+ 47. Kxb4 Qc6 48. Kb3 Qc5 49. Kb2 Qc4 50. Kb1 Qe2 51. Kc1 Kg6 52.
Kb1 Kf5 53. Ka1 Ke4 54. Kb1 Kd3 55. Ka1 Kc3 56. Kb1 Qb2# 0-1

[Event "CYCC U08"]
[Site "Windsor CAN"]
[Date "2016.07.06"]
[Round "3.117"]
[White "Ripley, Sam"]
[Black "Ning, Eric"]
[Result "0-1"]
[WhiteElo "697"]
[BlackElo "1634"]
[PlyCount "58"]
[EventDate "2016.07.05"]
[EventType "swiss"]
[EventRounds "7"]
[EventCountry "CAN"]

1. e4 c5 2. Nf3 Nc6 3. Nc3 Nf6 4. Bb5 g6 5. d3 Bg7 6. Be3 d6 7. Nd5 Nxd5 8.
exd5 Qa5+ 9. Bd2 Qxb5 10. dxc6 Qxc6 11. Rb1 O-O 12. Qc1 Bg4 13. Ke2 e5 14. h3
Bxf3+ 15. gxf3 f5 16. Bh6 e4 17. fxe4 fxe4 18. h4 exd3+ 19. cxd3 Qf3+ 20. Ke1
Qxf2+ 21. Kd1 Rae8 22. Qd2 Qf3+ 23. Kc1 Qxh1+ 24. Kc2 Rf1 25. Rxf1 Qxf1 26. Kb3
Re2 27. Qg5 Rxb2+ 28. Kc4 Qf7+ 29. Qd5 Rb4# 0-1

[Event "CYCC U08"]
[Site "Windsor CAN"]
[Date "2016.07.06"]
[Round "3.119"]
[White "Qin, Vincent"]
[Black "Chen, Andrew"]
[Result "1-0"]
[WhiteElo "1168"]
[BlackElo "799"]
[PlyCount "61"]
[EventDate "2016.07.05"]
[EventType "swiss"]
[EventRounds "7"]
[EventCountry "CAN"]

1. e4 d5 2. exd5 Nf6 3. c4 e5 4. dxe6 Bxe6 5. Nc3 Bb4 6. Nf3 c5 7. a3 Bxc3 8.
bxc3 Nc6 9. g3 Bg4 10. Bg2 Bxf3 11. Qxf3 Qe7+ 12. Qe3 Qxe3+ 13. fxe3 O-O 14.
O-O Rab8 15. Rb1 Rfe8 16. d4 cxd4 17. cxd4 Na5 18. c5 b5 19. Bd2 Nc4 20. Rf2
Nxa3 21. Ra1 Nc4 22. Rxa7 Nxd2 23. Rxd2 Ne4 24. Bxe4 Rxe4 25. Kf2 f5 26. d5 b4
27. d6 b3 28. d7 b2 29. d8=Q+ Rxd8 30. Rxd8+ Re8 31. Rxe8# 1-0